100 dni 100 dziedzin 3 - historia - Statystyki

Ogólne statystyki
  • Ten quiz został rozwiązany 10 razy
  • Średni wynik to 7 z 15
Statystyki odpowiedzi
Rok i opis Wydarzenie % Poprawnych
966, kluczowy Polski dzień Chrzest Polski
100%
1410, bitwa Polsko - Krzyżacka Bitwa Pod Grunwaldem
89%
1815, klęska Francji Bitwa pod Waterloo
78%
1939 - 1945, konflikt globalny II wojna światowa
78%
1969, osiągnięcie Astronomiczne Lądowanie na księżycu
78%
1569, Unia dwóch krajów Unia Lubelska
78%
2019,początek pandemii Covid - 19
67%
1 AD, ważny chrześcijański dzień Narodziny Jezusa
56%
1066, ważna Brytyjska walka Bitwa Pod Hastings
33%
1655 - 1660, brutalny atak na Polske Potop Szwecki
22%
1989, koniec Komunizmu w Polsce Solidarność
11%
1783, koniec wojny niepodległościowej Niepodległość Stanów Zjednoczonych
0%
300 tys lat temu, początek nowego gatunku Pierwszy człowiek rozumny
0%
1912, wypadek na morzu Rozbicie Tytanika
0%
2150 p.n.e, zbudowanie znanych struktur Zbudowanie piramid w Gizie
0%
Nie znaleziono quizów pasujących do podanych kryteriów
Rozkład punktacji
Procent ludzi z każdym wynikiem
Percentyl według liczby udzielonych odpowiedzi
Twoja historia wyników
Nie rozwiązałeś tego quizu